01635cam a2200337 i 4500001001000000003000900010005001700019007000300036008004100039040003000080041000800110082002300118100005200141245012200193264003700315300002700352336002800379337003500407338002800442490005600470500004300526500007300569504004000642505036700682650003801049650002801087650004401115650003001159700005201189710005601241000003202DO-SdBNP20251114140005.0ta030225s1999 dr b 001 0 spa d aDO-SdBNPbspacBNPHUerda aspa 4a343.097bM844r222 aMoreta Castillo, Américo,d1956-eautor4aut.10aResponsabilidad del transportista aéreo de pasajeros /cAmérico Moreta Castillo ; prólogo, Jorge A. Subero Isa. aSanto Domingo : bUNIBE, c1999. a184 páginas c21 cm. atextobtxt2rdacontent  asin mediación bn2rdamedia  avolumenbnc2rdacarrier aColección Ensayos jurídicos, Escuela de Derecho aIncluye notas al pie de las páginas. aIncluye referencias bibliográficas y notas al pie de las páginas aBibliografía: páginas 176-184.  aPrólogo, 9 -- Introducción, 9 -- Primera parte. Capítulo I. El contracto de transporte aéreo internacional, 9 -- Segunda parte. (Parte especial), 67 -- Capítulo II. De la responsabilidad, 67 -- Capítulo III. De la reparación, 123 -- Capítulo IV. Limitación de la responsabilidad, 147 -- Conclusiones, 166 -- Epilogo, 170 -- Bibliografía, 176. 4aAviación comercialxLegislacion 4aTransporte de pasajeros 4aResponsabilidad por accidentes aéreos 4aResponsabilidad (derecho)1 aSubero Isa, Jorge A.,d1947-eprologuista4pr. 2 aUniversidad Iberoamericana (República Dominicana)